Statistics for Country and state names found in US state names

Click here to take the quiz!

General Stats

  • This quiz has been taken 42 times
  • The average score is 3 of 5

Answer Stats

Answer % Correct
Georgia
86%
New Mexico
76%
West Virginia
54%
Arkansas
41%
Indiana
27%

Score Distribution

Percentile by Number Answered

Percent of People with Each Score

Your Score History

You have not taken this quiz